MARC details
| 000 -LEADER |
| campo de control de longitud fija |
02188nam a2200325 i 4500 |
| 001 - NÚMERO DE CONTROL |
| campo de control |
196284 |
| 003 - IDENTIFICADOR DE NÚMERO DE CONTROL |
| campo de control |
ES-MaACL |
| 005 - FECHA Y HORA DE LA ÚLTIMA TRANSACCIÓN |
| campo de control |
20260216183929.0 |
| 008 - DATOS DE LONGITUD FIJA--INFORMACIÓN GENERAL |
| campo de control de longitud fija |
240828b2024 sp ||||| |||| 00| 0 spa d |
| 017 ## - NÚMERO DE COPYRIGHT O DE DEPÓSITO LEGAL |
| Número de copyright o de depósito legal |
CC 000151-2024 |
| Agencia que asigna |
Oficina Depósito Legal Cáceres |
| 020 ## - NÚMERO INTERNACIONAL ESTÁNDAR DEL LIBRO |
| Número Internacional Estándar del Libro |
9788412829594 |
| 040 ## - FUENTE DE CATALOGACIÓN |
| Lengua de catalogación |
spa |
| Centro/agencia transcriptor |
ES-MaACL |
| 100 1# - ENTRADA PRINCIPAL--NOMBRE DE PERSONA |
| Nombre de persona |
Ramos Rubio, José Antonio, |
| Fechas asociadas al nombre |
1963- |
| Término indicativo de función/relación |
Autor |
| 9 (RLIN) |
174430 |
| 245 ## - MENCIÓN DEL TÍTULO |
| Título |
El comendador de las letras : |
| Resto del título |
Historia y vida de Tirso de Molina / |
| Mención de responsabilidad, etc. |
José Antonio Ramos Rubio |
| 260 ## - PUBLICACIÓN, DISTRIBUCIÓN, ETC. |
| Lugar de publicación, distribución, etc. |
Cáceres : |
| Nombre del editor, distribuidor, etc. |
Tau Editores, |
| Fecha de publicación, distribución, etc. |
2024 |
| 264 ## - PRODUCCIÓN, PUBLICACIÓN, DISTRIBUCIÓN, FABRICACIÓN Y COPYRIGHT |
| Producción, publicación, distribución, fabricación y copyright |
©2024 |
| 300 ## - DESCRIPCIÓN FÍSICA |
| Extensión |
192 páginas ; |
| Dimensiones |
24 cm |
| 336 ## - TIPO DE CONTENIDO |
| Fuente |
rdacontent |
| Término de tipo de contenido |
texto |
| 337 ## - TIPO DE MEDIO |
| Fuente |
rdamedia |
| Nombre/término del tipo de medio |
sin mediación |
| 338 ## - TIPO DE SOPORTE |
| Fuente |
rdacarrier |
| Nombre/término del tipo de soporte |
volumen |
| 520 ## - RESUMEN, ETC. |
| Sumario, etc. |
Encontrarás en este libro un ser que dedicó la vida, sus sueños, su fe y su alma a la literatura y al amor a Dios. Gabriel Téllez, conocido como “Tirso de Molina”, seudónimo del fraile mercedario, fue un teólogo profundo, predicador elocuente, sensato y prudente con virtudes admirables. Fue un genial dramaturgo que bastaría una sola obra para inmortalizar su nombre. El condenado por desconfiado, es una obra que le coloca entre los más insignes autores dramáticos por su profundidad argumental, sólo un teólogo admirable como Tirso de Molina, es capaz de resolver el tremendo conflicto entre la predestinación y el libre albedrío. Su merecida fama saltó las fronteras, aún incluso estando en vida, llegando a Londres aureolando el nombre del autor mercedario. Reconocido unánimemente como una de las más grandes figuras de la literatura española, Tirso de Molina comparte con Lope de Vega y Calderón de la Barca la primacía del teatro español de la época áurea. |
| 600 14 - PUNTO DE ACCESO ADICIONAL DE MATERIA--NOMBRE DE PERSONA |
| 9 (RLIN) |
226522 |
| Nombre de persona |
Molina, Tirso de, |
| Fechas asociadas al nombre |
1579-1648 |
| 852 ## - LOCALIZACIÓN |
| Ubicación |
ES-MaACL |
| Ubicación en estantería |
Depósito J |
| Número de control de estantería |
N-10129 |
| Donativo/Legado |
Donación: José Antonio Ramos Rubio |
| Encuadernación |
Encuadernación rústica con solapas |
| itemnumber |
206262 |
| 903 ## - NOMBRE PERSONAL DE DONANTE |
| a |
Ramos Rubio, José Antonio, |
| d |
1963- |
| e |
Donante |
| 9 |
174430 |
| 942 ## - ELEMENTOS DE ENTRADA SECUNDARIOS (KOHA) |
| Tipo de ítem Koha |
Libro impreso |
| Suprimir en OPAC |
No |